Normal view
MARC view
- Mauch, Peter , Straka, Frank , Steuwart, J. R
Entry Personal Name
001 - CONTROL NUMBER
- control field: 68912
003 - CONTROL NUMBER IDENTIFIER
- control field: NUST
005 - DATE AND TIME OF LATEST TRANSACTION
- control field: 20210628204136.0
008 - FIXED-LENGTH DATA ELEMENTS
- fixed length control field: 210628|| aca||aabn | a|a d
040 ## - CATALOGING SOURCE
- Original cataloging agency: NUST
- Transcribing agency: NUST
100 ## - HEADING--PERSONAL NAME
- Personal name: Mauch, Peter , Straka, Frank , Steuwart, J. R
670 ## - SOURCE DATA FOUND
- Source citation: Work cat.: (NUST): Mauch, Peter , Straka, Frank , Steuwart, J. R, The 90-day iso-9000 , implementation guide manual, 1996
